000 00446nam a2200169Ia 4500
999 _c28860
_d28860
003 OSt
005 20201221120453.0
008 190216s9999||||xx |||||||||||||| ||und||
040 _coclc
082 _a894.8121
_bMAD/K
100 _aMadhu, P
_97724
245 0 _aKavivazhi /
_cP Madhu
260 _bPen Books,
_aAluva:
_c2003.
300 _a120p
650 _aKavitha
942 _cBK
_2ddc
_h894.8121
_iMAD/K
_k894.8121
_mMAD/K